Tārīkh al-duwal al-Islāmīyah al-Sūdānīyah. (Record no. 45602)

MARC details
000 -LEADER
fixed length control field 00613cam a22002411 4500
001 - CONTROL NUMBER
control field ne 63000371
003 - CONTROL NUMBER IDENTIFIER
control field DLC
005 - DATE AND TIME OF LATEST TRANSACTION
control field 20260227111742.0
008 - FIXED-LENGTH DATA ELEMENTS--GENERAL INFORMATION
fixed length control field 890620s1961 xx b 000 0 ara
010 ## - LIBRARY OF CONGRESS CONTROL NUMBER
LC control number ne 63000371
035 ## - SYSTEM CONTROL NUMBER
System control number (OCoLC)23492137
040 ## - CATALOGING SOURCE
Original cataloging agency DLC
Transcribing agency MiU
Modifying agency DLC
042 ## - AUTHENTICATION CODE
Authentication code premarc
043 ## - GEOGRAPHIC AREA CODE
Geographic area code fw-----
050 00 - LIBRARY OF CONGRESS CALL NUMBER
Classification number DT471
Item number .Z3
100 1# - MAIN ENTRY--PERSONAL NAME
Personal name Zakī, ʻAbd al-Raḥmān.
245 10 - TITLE STATEMENT
Title Tārīkh al-duwal al-Islāmīyah al-Sūdānīyah.
260 ## - PUBLICATION, DISTRIBUTION, ETC.
Date of publication, distribution, etc. [1961]
300 ## - PHYSICAL DESCRIPTION
Extent 246 p.
Other physical details maps.
Dimensions 24 cm.
500 ## - GENERAL NOTE
General note Romanized.
651 #0 - SUBJECT ADDED ENTRY--GEOGRAPHIC NAME
Geographic name Africa, West
General subdivision History
830 #0 - SERIES ADDED ENTRY--UNIFORM TITLE
Uniform title Alf kitāb.
Volume/sequential designation 384.

No items available.

Powered by Koha